00548nam a2200157 a 450000100100000000500170001000800410002704000250006811000230009324500240011626000750014030000440021504900090025995201050026899900170037300003116720200930062739.0110614s2004 dr 000 0 spa d aDO-SdBNPbspacBNPHU2 aBanco Ademi95764410aMemoria anual 2004. a[Santo Domingo] :bBanco Ademi.,c[2004].fImpresión Amigo del Hogar a83 P. :bil., gráf., retrs. ;c30 cm. aBNPD 0010718PDaPDbPDcCTd2011-06-14iLF1l0o p31167-10r2020-06-25w2020-06-25yLFPDZNo se presta c30659d30659